00228nam a2200085Ia 4500008004100000082001900041100001600060245005900076300000700135210430s9999 xx 000 0 und d a958.0429 A287N aM.E. Ahrari 4aThe New Great Game in Muslim Central AsiacM.E. Ahrari a91